<?xml version="1.0" encoding="UTF-8"?>
<record
    xmlns:xsi="http://www.w3.org/2001/XMLSchema-instance"
    xsi:schemaLocation="http://www.loc.gov/MARC21/slim http://www.loc.gov/standards/marcxml/schema/MARC21slim.xsd"
    xmlns="http://www.loc.gov/MARC21/slim">

  <leader>01494cam a2200253 a 4500</leader>
  <controlfield tag="003">OSt</controlfield>
  <controlfield tag="005">20210129203053.0</controlfield>
  <controlfield tag="008">001025s2000    ck      r     0     spa d</controlfield>
  <datafield tag="020" ind1=" " ind2=" ">
    <subfield code="a">9586532496</subfield>
  </datafield>
  <datafield tag="040" ind1=" " ind2=" ">
    <subfield code="a">CO-JMCR</subfield>
    <subfield code="c">CO-JMCR</subfield>
  </datafield>
  <datafield tag="082" ind1="0" ind2="4">
    <subfield code="a">344.8861 / </subfield>
    <subfield code="b">O84d</subfield>
    <subfield code="2">21</subfield>
  </datafield>
  <datafield tag="100" ind1="1" ind2=" ">
    <subfield code="a">Ossa Arbel&#xE1;ez, Jaime,</subfield>
    <subfield code="e">autor</subfield>
    <subfield code="9">12900</subfield>
  </datafield>
  <datafield tag="245" ind1="1" ind2="0">
    <subfield code="a">Derecho administrativo sancionador : </subfield>
    <subfield code="b">hacia una teoria general y una aproximaci&#xF3;n para su autonomia / </subfield>
    <subfield code="c">Jaime Ossa Arbelaez ; editor, Jos&#xE9; Vicente Barreto Rodriguez</subfield>
  </datafield>
  <datafield tag="250" ind1=" " ind2=" ">
    <subfield code="a">Primera edici&#xF3;n</subfield>
  </datafield>
  <datafield tag="260" ind1=" " ind2=" ">
    <subfield code="a">Bogot&#xE1; : </subfield>
    <subfield code="b">Legis, </subfield>
    <subfield code="c">2000</subfield>
  </datafield>
  <datafield tag="300" ind1=" " ind2=" ">
    <subfield code="a">700 p&#xE1;ginas ;</subfield>
    <subfield code="c">24 cm.</subfield>
  </datafield>
  <datafield tag="504" ind1=" " ind2=" ">
    <subfield code="a">Incluye referencias bibliogr&#xE1;ficas.</subfield>
  </datafield>
  <datafield tag="505" ind1=" " ind2=" ">
    <subfield code="a">De la administraci&#xF3;n p&#xFA;blica -- Del estado social de derecho -- De la funci&#xF3;n p&#xFA;blica -- De los servidores p&#xFA;blicos -- De las potestades p&#xFA;blicas -- Del control de la actividad administrativa discrecional -- De la potestad sancionadora de la administraci&#xF3;n en particular -- Del derecho penal administrativo -- De los principios del derecho sancionatorio de la administraci&#xF3;n -- De las contravenciones en general -- De la sanci&#xF3;n administrativa -- De la extinci&#xF3;n de las sanciones administrativas -- Del procedimiento sancionatorio -- De las superintendencias</subfield>
  </datafield>
  <datafield tag="650" ind1="2" ind2="4">
    <subfield code="a">Sanciones administrativas</subfield>
    <subfield code="z">Colombia</subfield>
    <subfield code="9">12901</subfield>
  </datafield>
  <datafield tag="650" ind1="2" ind2="4">
    <subfield code="a">Funci&#xF3;n p&#xFA;blica</subfield>
    <subfield code="z">Colombia</subfield>
    <subfield code="9">12393</subfield>
  </datafield>
  <datafield tag="650" ind1="2" ind2="4">
    <subfield code="a">Derecho administrativo</subfield>
    <subfield code="z">Colombia</subfield>
    <subfield code="9">8206</subfield>
  </datafield>
  <datafield tag="700" ind1="1" ind2=" ">
    <subfield code="a">Barreto Rodr&#xED;guez, Jos&#xE9; Vicente, </subfield>
    <subfield code="e">editor</subfield>
    <subfield code="9">12902</subfield>
  </datafield>
  <datafield tag="942" ind1=" " ind2=" ">
    <subfield code="2">ddc</subfield>
    <subfield code="c">BK</subfield>
  </datafield>
  <datafield tag="999" ind1=" " ind2=" ">
    <subfield code="c">7072</subfield>
    <subfield code="d">7072</subfield>
  </datafield>
  <datafield tag="952" ind1=" " ind2=" ">
    <subfield code="0">0</subfield>
    <subfield code="1">0</subfield>
    <subfield code="2">ddc</subfield>
    <subfield code="4">0</subfield>
    <subfield code="7">0</subfield>
    <subfield code="a">CPL</subfield>
    <subfield code="b">CPL</subfield>
    <subfield code="d">2021-01-29</subfield>
    <subfield code="l">0</subfield>
    <subfield code="o">344.8861 /  O84d</subfield>
    <subfield code="p">201810145</subfield>
    <subfield code="r">2024-05-16 00:00:00</subfield>
    <subfield code="t">Ej.1</subfield>
    <subfield code="w">2021-01-29</subfield>
    <subfield code="y">BK</subfield>
  </datafield>
</record>
